<?xml version="1.0" encoding="UTF-8"?>
<marc:record xmlns:marc="http://www.loc.gov/MARC21/slim">
   <marc:leader>00000nam a2200000 a 4500</marc:leader>
   <marc:datafield ind1="1" ind2=" " tag="100">
      <marc:subfield code="a">Ford, Tom [Regie]</marc:subfield>
      <marc:subfield code="4">aut</marc:subfield>
      <marc:subfield code="e">Verfasser/-in</marc:subfield>
   </marc:datafield>
   <marc:datafield ind1="1" ind2=" " tag="100">
      <marc:subfield code="a">Gyllenhaal, Jake</marc:subfield>
   </marc:datafield>
   <marc:datafield ind1="1" ind2=" " tag="100">
      <marc:subfield code="a">Adams, Amy</marc:subfield>
   </marc:datafield>
   <marc:datafield ind1="0" ind2="0" tag="245">
      <marc:subfield code="a">Nocturnal Animals [Bildtonträger]</marc:subfield>
   </marc:datafield>
   <marc:datafield ind1="0" ind2="0" tag="245">
      <marc:subfield code="c">Regie: Tom Ford. Darsteller: Amy Adams, Jake Gyllenhaal ...</marc:subfield>
   </marc:datafield>
   <marc:datafield ind1=" " ind2="1" tag="264">
      <marc:subfield code="b">Universal</marc:subfield>
      <marc:subfield code="c">2017</marc:subfield>
   </marc:datafield>
   <marc:datafield ind1="1" ind2=" " tag="520">
      <marc:subfield code="a">Eines Tages erhält Galeristin Susan, die mit Hutton verheiratet ist, Post von ihrem Ex Edward. Der war ein junger Schriftsteller mit großen Plänen, als sie ihn verließ. Seit 20 Jahren hat Susan nichts mehr von ihm gehört, nun hat er ihr einManuskript mit dem Titel &#x84;Nocturnal Animals&#x93; (&#x84;Nachtaktive Tiere&#x93;) geschickt. In der Geschichte geht es um Tony Hastings, der mit seiner Frau Laura und Tochter India auf einem Highway in Texas unterwegs ist. Die Familie wird von einer Gruppe Männer um Ray Marcus bedrängt, die beiden Frauen werden schließlich entführt. Tony und der Sheriff Bobby Andes versuchen, Laura und India zu finden, bevor ihnen etwas passiert &#x96; spätestens jetzt ist Susan im Sog von Edwards Roman. Die Geschichte verflechtet sich immer stärker mit ihren persönlichen Erfahrungen</marc:subfield>
   </marc:datafield>
   <marc:datafield ind1=" " ind2=" " tag="020">
      <marc:subfield code="a">5053083103569</marc:subfield>
      <marc:subfield code="9">5053083103569</marc:subfield>
   </marc:datafield>
   <marc:datafield ind1=" " ind2=" " tag="041">
      <marc:subfield code="a">ger</marc:subfield>
   </marc:datafield>
   <marc:datafield ind1="0" ind2=" " tag="490">
      <marc:subfield code="v">0</marc:subfield>
   </marc:datafield>
   <marc:datafield ind1=" " ind2=" " tag="300">
      <marc:subfield code="a">111' : 1 DVD</marc:subfield>
   </marc:datafield>
</marc:record>
